logo

Bir Sreshtho Munshi Abdur Rouf Library
Jhenaidah Cadet College

Living English structure: (Record no. 8781)

MARC details
000 -LEADER
fixed length control field 00847cam a2200265u 4500
001 - CONTROL NUMBER
JCCL Control Number 8781
003 - CONTROL NUMBER IDENTIFIER
JCCL marc code BD-JhCC
005 - DATE AND TIME OF LATEST TRANSACTION
control field 20231112084720.0
008 - FIXED-LENGTH DATA ELEMENTS--GENERAL INFORMATION
fixed length control field 821210s1956 enk 000 0 eng
035 ## - SYSTEM CONTROL NUMBER
system control number (BD-JhCC)8781
040 ## - CATALOGING SOURCE
Original cataloging agency DLC
Transcribing agency CarP
Modifying agency DLC
-- BD-JhCC
041 ## - LANGUAGE CODE
Language code of Book eng
050 00 - LIBRARY OF CONGRESS CALL NUMBER
Classification number PE1128
Item number .A473 1956
082 ## - DEWEY DECIMAL CLASSIFICATION NUMBER
Author mark and Year ALL 1956
100 1# - MAIN ENTRY--PERSONAL NAME
Personal name Allen, William Stannard. [from old catalog]
245 10 - TITLE STATEMENT
Title Living English structure:
Remainder of title a practice book for foreign students /
Statement of responsibility, etc William Stannard Allen.
250 ## - EDITION STATEMENT
Edition statement [3d ed.]
260 ## - PUBLICATION, DISTRIBUTION, ETC. (IMPRINT)
Place of publication, distribution, etc London,
-- New York,
Name of publisher, distributor, etc Longmans, Green
Date of publication, distribution, etc [1956]
300 ## - PHYSICAL DESCRIPTION
Pagination 361 p.
Dimensions 19 cm.
650 #0 - SUBJECT ADDED ENTRY--TOPICAL TERM
Topical term or geographic name as entry element English language
General subdivision Textbooks for foreign speakers.
650 #0 - SUBJECT ADDED ENTRY--TOPICAL TERM
Topical term or geographic name as entry element English language
General subdivision Grammar
Form subdivision Problems, exercises, etc.
650 #0 - SUBJECT ADDED ENTRY--TOPICAL TERM
Topical term or geographic name as entry element English language
General subdivision Composition and exercises.
942 ## - ADDED ENTRY ELEMENTS (KOHA)
Source of classification or shelving scheme Dewey Decimal Classification
Koha item type Books
Holdings
Source of classification or shelving scheme Damaged status Not for loan Home library Current library Shelving location Date of accession Full call number Barcode Date last seen Copy number Method of acquisition Koha item type
Dewey Decimal Classification     JCC Rouf Library JCC Rouf Library General Stacks 11/12/2023 428.24 ALL 1956 11608 03/03/2018 C - 1 Purchase Books

JCC Library | Contacts | JCC Home

Last Update on 23 September 2017
Copyright @ 2017-2020 JCC Rouf Library
Rouf Library, Jhenidah Cadet College (JCC), Bangladesh